| 000 | 00424nam a22001577a 4500 | ||
|---|---|---|---|
| 005 | 20260422173656.0 | ||
| 008 | 260422b |||||||| |||| 00| 0 eng d | ||
| 020 | _a9780415321532 | ||
| 050 |
_aP146 _b.H3 |
||
| 100 | _aHawkes, Terence | ||
| 245 |
_aStructuralism and Semiotics _cTerence Hawkes |
||
| 250 | _a2nd ed. | ||
| 260 |
_aLondon _aNew York _bRoutledge _c2009 |
||
| 300 |
_ax. 176p. _c20cm |
||
| 942 |
_2lcc _cBK _e2nd ed. _n0 |
||
| 999 |
_c9549 _d9549 |
||